000 00623nam a2200241Ia 4500
003 OSt
005 20221005132214.0
006 a|||||r|||| 00| 0
007 ta
008 221004b |||||||| |||| 00| 0 eng d
024 _a47273
037 _cTextual
040 _aCRL
_cCRL
_beng
041 _2eng
_aeng
082 _aO111,3M19,M, 31K7
100 _aEliot George Au.
_9598892
245 0 _aThe mill on the floss
260 _c1967
650 _a ENGLISH LITERATURE
650 _aENGLISH FICTION
942 _hO111,3M19,M, 31K7
_cTEXL
_2cc
999 _c1062770
_d1062770